000 00812 a2200289 4500
001 200425220
999 _c200425220
_d4666
003 TR-AnTOB
005 20220308000838.0
008 161103b tu 000 0
020 _a9786058677043
040 _aTRTET
_beng
_erda
041 0 _atur
050 0 0 _aPL248.A4.
_bA85 2015
090 _aPL248.A4. A85 2015
100 1 _aAkkuş, Meta
_9116156
245 1 0 _aAşktan Ötürü /
_cMeta Akkuş.
264 _aAnkara:
_bRetro Basım Yayın Tasarım Ltd. Şti ,
_c2015
264 _a
_b,
_c©2015
300 _a159 pages.
_c18 cm
336 _atext
_2rdacontent.
337 _aunmediated
_2rdamedia.
338 _avolume
_2rdacarrier.
650 0 0 _aTurkish literature
_y20th century
_xHistory and criticism
_956257
650 0 0 _aTürk edebiyatı
_986354
942 _cBK